Countries With The Best Education - Statistics

General Stats
  • This quiz has been taken 137 times
  • The average score is 17 of 20
Answer Stats
Rank Country % Correct
19 United Kingdom
97%
18 Norway
96%
5 Japan
95%
10 Australia
94%
6 Canada
94%
2 Finland
94%
14 Germany
94%
12 Switzerland
91%
20 Denmark
90%
7 New Zealand
90%
4 South Korea
90%
9 Netherlands
89%
1 China
87%
15 Belguim
86%
3 Singapore
81%
16 Iceland
79%
8 Taiwan
69%
17 Poland
66%
13 Estonia
49%
11 Liechtenstein
45%
No matching quizzes found
Score Distribution
Percent of People with Each Score
Percentile by Number Answered
Your Score History
You have not taken this quiz